000 00616nam a22001817a 4500
005 20250404111723.0
008 250404b |||||||| |||| 00| 0 eng d
020 _a9781529237146
041 _aeng
082 _a690.0285 KUN
100 _aKuntsman, Adi
245 _aSmart Cities and the Environment: Digital Dreams and Broken Promises
260 _aUK
_bBristol University Press
_c2024
300 _a163;. pages: 21 cm
650 _aBuilding--Technological Innovations; City Planning--Technological Innovations; Built Environment; Smart Cities; Sustainable Development
700 _aXin, Liu
942 _cBK
999 _c43546
_d43546